000 00910na a2200253 4500
001 17658
003 MIRAKIL
005 20181213155225.0
008 161101b tu 000 0
035 _a17658
040 _aMilas
_btur
_cTR-AnCHP
041 _atur
082 _a307.3
_bK35e 1994
090 _a307.3 K35e 1994
111 _aKent Kooperatifçiliği Teknik Kongresi
_cMarmaris
_d1994
_n9.
245 _aEkonomik bunalımın konut, kentleşme ve kent kooperatifçiliğine etkileri
_cTürkiye Kent Kooperatifleri Merkez Birliği
260 _aMarmaris
_bTürkiye Kent Kooperatifleri Merkez Birliği (TÜRKENT)
_c1994
300 _avii, 127 s.
_bres.
_c23 sm.
650 _aKonut yapımı
_xEkonomi politikaları
_yToplantılar
650 _aKentleşme
_xToplantılar
651 _aTürkiye
_xEkonomik durum
_yKentleşme
710 _aTürkiye Kent Kooperatifleri Merkez Birliği
942 _2ddc
_cBKS
999 _c8818
_d8818